Afghan Syndrome (Record no. 9049)

MARC details
000 -LEADER
fixed length control field 00616nam a2200241 a 4500
020 ## - INTERNATIONAL STANDARD BOOK NUMBER
ISBN 0706993
082 00 - DEWEY DECIMAL CLASSIFICATION NUMBER
Classification number 958.1
Author Cutter GUP
100 ## - MAIN ENTRY--AUTHOR NAME
Author name Gupta, Bhabani Sen
245 ## - TITLE STATEMENT
Title Afghan Syndrome
Sub title How to Live With Soviet Power
260 ## - PUBLICATION, DISTRIBUTION, ETC. (IMPRINT)
Place of publication Delhi
Name of publisher Vikas Pub House Pvt. Ltd.
Year of publication 1982
300 ## - PHYSICAL DESCRIPTION
Number of Pages 296p
500 ## - GENERAL NOTE
General note includes index and biblioraphy
505 2# - FORMATTED CONTENTS NOTE
Formatted contents note Index
650 ## - SUBJECT ADDED ENTRY--TOPICAL TERM
Topical Term Afghanistan
942 ## - ADDED ENTRY ELEMENTS (KOHA)
Koha item type Books
700 1# -
-- Gupta, Bhabani Sen
Holdings
Collection code Home library Current library Date acquired Cost, normal purchase price Full call number Accession Number Koha item type
  Henry Martyn Institute Library Henry Martyn Institute Library 05/30/2007 125.00 958.1 GUP 010228 Books
                   Copyright © 2026 | Henry Martyn Institute | Hyderabad | TS-500052 | INDIA | Implemented by hmi.edu.in
Hit-Count:

Powered by Koha